000 01809nam0a2200337 4500
001 RU\NLR\bibl\1395484
005 20260405194928.0
010 _a978-5-88081-926-3
_9400
021 _aRU
_b2009-41074
_92498
035 _a(NLR Aleph) 001387510
090 _a1141009
_c1141009
100 _a20090724d2008 |||y0rusy50 ca
101 0 _arus
102 _aRU
105 _ay |||||||||
200 1 _aМетодика расследования отдельных видов преступлений
_eучебное пособие
_fЕ.В. Смахтин, А.С. Сидоров, Е.М. Толстолужинская
_gРос. Федерация, Федер. агентство по образованию, М-во образования и науки, ГОУ ВПО Тюм. гос. ун-т [и др.]
210 _aТюмень
_cИзд-во ТГУ
_d2008
215 _a230 с.
_d20
300 _aВ надзаг. также: Ин-т дистанц. образования, Ин-т государства и права
320 _aБиблиогр.: с. 223-230 (106 назв.)
606 1 _aПреступления
_jУчебные издания для высших учебных заведений
_xРасследование
_yРоссийская Федерация
_92077795
_3RU\NLR\auth\661253512
686 _aХ629.43я73
700 1 _aСмахтин
_bЕ. В.
_gЕвгений Владимирович
_4070
701 1 _4070
_7ca
_8rus
_aСидоров
_bА. С.
_cканд. юрид. наук
_gАнатолий Станиславович
_969558
_3RU\NLR\auth\7786630
701 1 _aТолстолужинская
_bЕ. М.
_gЕлена Михайловна
_4070
801 0 _aRU
_bNLR
_c20090724
_gRCR
801 1 _aRU
_bNLR
_c20090724
942 _cBOOK
980 _aNB
980 _aNBR